00350nam a2200109Ia 4500082000800000245002700008100004300035942000700078008004100085999001900126952009500145 aFRI 0aInadmissible evidence  a FRANCIS, Dick London, 1986 918564 cBK210817s9999 xx 000 0 und d c187047d187047 00104070aJERELbJERELd2021-08-18g77.31l0p33228018075174r2022-01-17w2021-08-18yBK